El consentimiento matrimonial

Збережено в:
Бібліографічні деталі
Автор: Sambrizzi, Eduardo A (Автор)
Формат: Книга
Мова:Іспанська
Опубліковано: Buenos Aires Abeledo-Perrot 1995
Предмети:
Теги: Додати тег
Немає тегів, Будьте першим, хто поставить тег для цього запису!

MARC

LEADER 00000nam a2200000 a 4500
001 UCM9325
003 CL-VaPUC
008 030417e19950000AG |||||||||||||||||spa|d
082 0 4 |a 262.933  |b SAM  |2 21 
100 0 |a Sambrizzi, Eduardo A  |e author  |9 475838 
245 1 3 |a El consentimiento matrimonial 
300 |a 293 p 
942 |c BK 
945 |d 20030417 00:00:00  |a cmena 
260 |a Buenos Aires  |b Abeledo-Perrot  |c 1995 
650 7 |a MATRIMONIO  |2 CL-VaPUC  |9 475839 
650 7 |a DERECHO CANONICO  |2 CL-VaPUC  |9 475840 
650 0 |a Sacramentos   |9 257270 
650 7 |a CONSENTIMIENTO PARA EL MATRIMONIO  |2 CL-VaPUC  |9 338827 
650 7 |a NULIDAD DEL MATRIMONIO  |2 CL-VaPUC  |9 475841 
583 |a last modification  |c 20030417 00:00:00  |k Rodrigo Vera 
999 |c 303646  |d 303644 
952 |0 0  |1 0  |4 0  |6 262_933000000000000_SAM_1995  |7 0  |8 A  |9 365109  |a BIBDER  |b BIBDER  |d 2019-11-21  |i 3897176  |l 1  |o 262.933 SAM 1995  |p 3897176  |r 2023-01-25  |s 2020-03-13  |w 2019-11-21  |y BK  |k DER